00763nam a22001937a 4500999001900000005001700019010001500036020002600051035001400077037001300091082001400104100002800118245008500146260004300231270009300274300003800367942002800405952013600433 c190667d19066720220802122555.0 aENG-134155 a9789383649785c880.00 aEN-117687 bDBAB/PUB a327.54059 aBhattacharya, Subhadeep aLooking East Since 1947:bIndia's Southeast Asia Policy/cSubhadeep Bhattacharya aNew DelhibKW Publishers Pvt Ltdc2016 a4676/21, First Floor, Ansari Road, DaryaganjbNew Delhie110002mknowledgeworld@vsnl.net aix, 186p.bBibliographyc23cm(hb) 2ddccENh327.54059mBHA 001040708NFICaBNbBNd2022-08-02eDBAD/PUBg880.00l1o327.54059 BHApEN-117687r2024-10-01 00:00:00s2024-09-20t1v880.00yEN